000 00855nam a2200265Ia 4500
001 Para_2928
003 CHAP
008 220125s1985 xx 000 0 und d
010 _a201450
040 _cCHAP
082 _aPA 371.8 Z3
100 _aZaldívar Flores, Josè Antonio
_9123460
245 _aSiete veranos entre paréntesis :
_b semblanzas y anécdotas de Chapingo /
_c por José Antonio Zaldivar Flores
260 _aChapingo, Méx. :
_b UACh. Dirección de Patronato Universitario
300 _a236 p.
650 _aEstudiantes UACh
_x Estudiantes UACh
_x Historia
_9166362
710 _aUACh. Dirección de Patronato Universitario
_9115925
901 _aPA 371.8 Z3
902 _aA
905 _a0000001985 CHAa 0000000000 00
910 _a1985
942 _cPARA
942 _cPARA
_d1
999 _c201450
_d201450